000 00463 a2200205 4500
001 128112
020 _a9788520004111
040 _cEscola Canadense de Niteroi
090 _aTeachers
100 _aFTD
245 1 0 _a360º Literatura: caderno de atividades ENEM e vestibular
250 _a1. ed.
260 _aSão Paulo
300 _bil.
362 0 _a2015
490 0 _a360º
650 4 _aLíngua Portuguesa
650 4 _aLiteratura
942 _cBK
999 _c128112
_d128112